[Event "Moscow FIDE GP"]
[Site "Moscow"]
[Date "2017.05.13"]
[Round "2"]
[White "Ding, Liren"]
[Black "Inarkiev, Ernesto"]
[Result "1-0"]
[WhiteElo "2773"]
[BlackElo "2727"]
[Annotator "Roiz,M"]
[PlyCount "173"]
[EventDate "2017.05.12"]
[EventType "swiss"]
[EventRounds "9"]
[EventCountry "RUS"]
[SourceTitle "CBM 179"]
[Source "ChessBase"]
[SourceDate "2017.07.12"]
[SourceVersion "1"]
[SourceVersionDate "2017.07.12"]
[SourceQuality "1"]

1. c4 e5 2. g3 Nf6 3. Bg2 c6 4. Nf3 e4 5. Nd4 d5 6. d3 {This move was first
played half a century ago, but it has gained some popularity since Giri -
Balogh, 2015.} exd3 {Ernesto chooses a considerably rare continuation. Well,
unlocking the Bg2 looks like an inndisputable achievement for White.} ({
The above-mentioned encounter saw} 6... Bc5 7. Nb3 Bb4+ 8. Bd2 Bxd2+ 9. Qxd2
dxc4 10. dxc4 Qe7 11. Nc3 O-O 12. Qe3 Re8 13. Qc5 Na6 14. Qxe7 Rxe7 15. O-O-O
Bf5 16. h3 $14 {Giri,A (2768)-Balogh,C (2660) Emsdetten GER 2015}) ({In the
following recent game Black successfully employed the more active} 6... Qb6 $5
7. dxe4 Bc5 8. e3 dxe4 9. Nc3 O-O 10. O-O Re8 11. h3 Qc7 12. Qc2 Qe5 $132 {
Shankland,S (2676)-Piorun,K (2638) Matanzas CUB 2017}) 7. cxd5 ({It looks like
White can claim a little edge also by means of} 7. Qxd3 $5 dxc4 8. Qxc4 Nbd7 9.
O-O Nb6 10. Qd3 Bc5 11. Rd1 O-O 12. Nc3 $14 {Brunello,S (2557)-Godena,M (2519)
Rome ITA 2016}) 7... Bb4+ {This innovation hardly makes the line more
attractive for Black.} ({However, also in the event of} 7... Nxd5 8. Qxd3 Be7
9. O-O O-O 10. Nc3 (10. Rd1 Bf6 11. a3 Na6 12. Qb3 Qb6 $11 {Lenderman,A (2582)
-Homa,S (2331) Wheeling 2014}) 10... Nxc3 11. bxc3 Nd7 12. a4 Nc5 13. Qc2 $14 {
it would be not easy to solve the problem of the c8-bishop.}) ({An attempt to
exploit the pin on the Nd4 fails to:} 7... dxe2 $6 8. Qxe2+ Be7 9. dxc6 $1 Qxd4
10. cxb7 Bxb7 11. Qb5+ Nbd7 12. Bxb7 $16) 8. Nc3 c5 {This advance is inviting
fresh troubles - now the Bg2 is getting very strong.} ({As earlier} 8... Nxd5
9. Qxd3 Nxc3 10. bxc3 Bc5 11. O-O O-O 12. a4 $14 {offers White a stable
positional advantage.}) 9. Nb3 c4 10. Nd2 $1 ({Of course, White has no reason
to accept a draw after} 10. Nd4 Nxd5 11. Bd2 Nb6 12. Be3 Nd5 $11) 10... O-O 11.
O-O Bxc3 12. bxc3 Bg4 {Provoking the f2-f3 advance wouldn't make Ernesto's
position more attractive.} ({A safer way was} 12... Nxd5 13. Nxc4 Nxc3 14. Qxd3
Qxd3 15. exd3 Nc6 16. Re1 Be6 $14 {and the limited material balance offers
Black good drawing chances.}) 13. f3 dxe2 ({The following line illustrates the
power of White's bishops well:} 13... Nxd5 14. fxg4 Nxc3 15. Qe1 Nxe2+ 16. Kh1
c3 17. Ba3 $1 cxd2 18. Qxd2 $16) 14. Qxe2 Bf5 $6 {This natural move turns out
another serious inaccuracy.} ({More to the point was} 14... Bd7 15. Qxc4 Qa5
16. Nb3 Qxd5 17. Qxd5 Nxd5 18. c4 Nb6 19. c5 Nd5 20. f4 Bc6 21. Na5 $14) 15.
Nxc4 Qxd5 ({In the event of} 15... Re8 16. Qd2 Nxd5 17. Ba3 Nc6 18. Nd6 Ne3 19.
Rfe1 Qb6 20. Qf2 Re6 21. Rxe3 Qxe3 22. Nxf5 $16 {White's minor pieces would be
much stronger than a rook.}) 16. Rd1 Qb5 $2 {This inaccurate retreat could
lead to a quick loss.} ({After} 16... Qc5+ 17. Be3 Qc7 18. Nd6 Be6 19. Qb2 $16
{Black's position is difficult, but still playable.}) 17. a4 Qa6 18. Bf1 $6 {
GM Ding Liren fails to find the proper way of handling the position, so now
Black stays in the game.} ({A much stronger move was} 18. Ba3 $1 Re8 (18... Rc8
19. Bf1 Be6 20. Nd6 Qxe2 21. Bxe2 $18) 19. Qf1 Re6 20. Nd6 Qxf1+ 21. Bxf1 Bg6
22. Bc4 $18 {and White is dominating over the board.}) 18... Be6 19. Nd6 Qxe2
20. Bxe2 b6 21. Nb5 $6 {Another mistake. White loses the lion's part of his
advantage.} (21. Ba3 {was much stronger:} Nbd7 22. a5 Nc5 23. Bxc5 bxc5 24. Bc4
$16 {with strong pressure.}) 21... Bb3 $2 {Ernesto returns the favour.} ({
It was the right moment for completing development:} 21... Nc6 22. Nc7 Rac8 23.
Nxe6 fxe6 24. Ba6 Rc7 25. Bf4 e5 26. Bc1 Na5 27. Ba3 Re8 $14) 22. Rd6 Nbd7 23.
a5 {Despite the major simplifications, White's advantage is very big.} Rfc8 $6
(23... bxa5 {was better:} 24. Rxa5 Rfe8 25. Kf2 Nc5 $16) 24. Kf2 h6 ({After} 
24... bxa5 25. Rxa5 Bc4 26. Bxc4 Rxc4 27. Rda6 h6 28. Rxa7 Rxa7 29. Rxa7 $18 {
White should be able to convert the material advantage into a full point.}) 25.
Be3 $6 {This move makes Ding Liren's task much more difficult.} ({A stronger
one was} 25. Nd4 $1 Be6 26. Nxe6 fxe6 27. Rxe6 bxa5 28. Be3 Rxc3 29. Rxa5 Rc2
30. Bd4 $18 {, and the Pa7 falls.}) 25... Ne5 (25... bxa5 26. Rxa5 Ne5 27. Rxa7
Rxa7 28. Bxa7 Bc4 29. Bxc4 Nxc4 30. Rd4 Kf8 $16) 26. Bd4 (26. axb6 axb6 27.
Rxa8 Rxa8 28. Bd4 Nc4 29. Rc6 Na5 30. Rxb6 Nd5 31. Rd6 Nb7 32. Rd7 Ra2 33. Rxb7
Bc4 $16) 26... Nc4 27. Rxf6 $1 {This is the only way to proceed.} (27. Bxc4
Bxc4 28. Bxf6 $2 Bxb5 29. axb6 axb6 30. Rxa8 Rxa8 $11 {would lead to a dead
draw.}) 27... gxf6 28. Bxc4 Bxc4 29. Nd6 bxa5 30. Nxc8 Rxc8 31. Rxa5 {
Unfortunately for Ernesto, the bishops of different colours do not offer Black
real drawing chances in the resulting endgame.} Re8 $2 ({It was necessary to
play} 31... a6 32. Bxf6 Bb5 33. Bd4 f5 $16 {activating the king.}) 32. g4 a6
33. Rc5 Bd3 34. Bxf6 {The Nf6 is gone, so Black's king feels less comfortable
now.} Re6 35. Bd4 Kf8 36. h4 Ke8 ({After} 36... Bb5 37. Rc8+ Re8 38. Rc7 Ra8
39. Rc5 Ke7 40. Bg7 $18 {White would obtain the h-passer soon.}) 37. Rc8+ Kd7
38. Rf8 $18 {Black has too many weaknesses.} Ke7 39. Bc5+ Kf6 40. Rh8 Kg7 41.
Bd4+ f6 42. Rd8 Bc4 43. Rd7+ (43. g5 hxg5 44. hxg5 Kf7 45. gxf6 $18 {was also
good enough.}) 43... Kg8 44. Ra7 Bd3 45. Kg3 {White can slowly improve the
position.} Rc6 46. h5 Bc2 47. f4 Bd1 48. Kh4 Rd6 49. Ra8+ Kf7 50. Rh8 Kg7 51.
Rc8 Kf7 (51... Re6 {was the most stubborn, but still} 52. Rc7+ Kg8 53. Ra7 Re4
54. Kg3 Re6 55. Ra8+ Kf7 56. Rh8 Kg7 57. Rd8 Kf7 58. c4 {would secure White
the victory.}) 52. Rc7+ Kg8 53. Rc5 ({A simpler way was} 53. f5 Bc2 54. Be3 $18
) 53... Kf7 54. g5 $2 {This premature advance gives Ernesto some hopes.} ({
Once again,} 54. Rc7+ {was much stronger:} Kg8 55. f5 $1 $18) 54... fxg5+ 55.
fxg5 hxg5+ 56. Kxg5 Bc2 57. Rc7+ Ke6 58. h6 Rd5+ (58... Rd7 59. Rc6+ Rd6 60.
Rc8 a5 $16) 59. Kg4 Rd7 60. Rc6+ Rd6 61. Rc7 Rd7 62. Rc5 Rd5 63. Rc8 a5 64.
Re8+ Kd7 $2 {The decisive mistake.} ({The correct move was} 64... Kf7 65. Ra8
Bd1+ 66. Kg3 Rg5+ 67. Kf2 Rh5 68. Ra7+ Kg6 69. Be3 Bb3 $16 {and the result of
the game is still unpredictable.}) 65. Ra8 a4 66. h7 Bxh7 67. Ra7+ Kc6 68. Rxh7
{The rest is just an agony.} Ra5 69. Rh6+ Kd7 70. Kf4 a3 71. Rh1 a2 72. Ra1 Kc6
73. Ke4 Kb5 74. Kd3 Ra8 75. Kc2 Kc4 76. Kb2 Rb8+ 77. Kxa2 Kd3 78. Rh1 Kc2 79.
Ka3 Kd3 80. Rh5 Rb1 81. Ka4 Rb8 82. Rb5 Ra8+ 83. Kb4 Rc8 84. Rb7 Rc4+ 85. Kb5
Rc8 86. Bg7 Rd8 87. c4 1-0

[Event "London Classic 7th"]
[Site "London"]
[Date "2015.12.10"]
[Round "6"]
[White "Grischuk, Alexander"]
[Black "Anand, Viswanathan"]
[Result "1-0"]
[WhiteElo "2750"]
[BlackElo "2803"]
[Annotator "Sagar Shah"]
[PlyCount "107"]
[EventDate "2015.12.04"]
[EventType "tourn"]
[EventRounds "9"]
[EventCountry "ENG"]
[EventCategory "22"]
[SourceTitle "CBM 170"]
[Source "ChessBase"]
[SourceDate "2016.01.15"]
[SourceVersion "1"]
[SourceVersionDate "2016.01.15"]
[SourceQuality "1"]

1. c4 e5 2. d3 $5 {After the game Grischuk mentioned that he had prepared this
move, which mainly leads to original game without much theory. In the past he
had played 1.c4 and his opponents had replied with 1...Nf6 and hence he
couldn't use this idea. But today Anand went 1...e5 and Grischuk could push
his pawn to d3 which is much less common than Nc3, Nf3, g3 or even e3.} Nc6 3.
Nf3 f5 $5 {Seeing that White hasn't gone for the most ambitious move order,
Vishy chooses an aggressive setup.} 4. g3 Nf6 5. Bg2 Bb4+ 6. Bd2 Bxd2+ 7. Qxd2
O-O 8. Nc3 d6 {Usually in this opening the bishop on b4 takes the knight on c3
and White is left with the dark-squared bishop. But here the knight on c3
remains and it is much more useful than the bishop because the knight can go
to d5 and attack the c7-pawn. If it is taken then after cxd5 the c-file is
opened up and the c7-pawn could become a weakness.} 9. O-O Bd7 (9... Qe8 {
[%cal Ge8h5,Gf5f4,Gc8h3,Gf6g4] is the usual idea in this opening with the plan
being Qh5, f4, Bh3 and Ng4 with a strong attack. But here we can see the
usefulness of the knight on c3.} 10. Nd5 $1 $14 {[%cal Gd5c7]}) 10. Nd5 Nxd5
11. cxd5 Ne7 12. Qb4 $5 (12. e4 $5 c5 $5 $11 (12... f4 $6 13. d4 $1 $14)) 12...
Nxd5 (12... a5 $5 {could have been an interesting option but leads to an edge
for White after} 13. Qxb7 $1 Rb8 14. Qa6 Rxb2 15. Rab1 $1 Rxe2 $2 (15... Rxa2
16. Rfc1 $16) 16. Qc4 $16 {[%cal Gf1c1] The rook on e2 will soon be trapped.})
13. Qxb7 c6 14. Nd2 Nb6 15. Qa6 (15. Bxc6 Rb8 $19) 15... d5 16. Rac1 f4 17. Nf3
Qf6 18. Qa5 {As Grischuk correctly pointed out after the game: Black has a
perfectly sound position. Its only defect is that the knight on b6 is quite
passive. If that were not the case then Black would have had the advantage.}
Kh8 (18... g5 $5 {with a pawn storm on the kingside could have led to a very
tense battle with mutual chances.} 19. d4 $5 exd4 20. Qd2 Rae8 21. b3 $13) 19.
b3 Bg4 20. Qc3 $1 {This move was missed by Vishy. Now the e5-pawn is attacked
and so is the one on c6. Black has to make the concession of giving up his
bishop on f3.} e4 $6 {But Vishy doesn't believe in taking a slightly inferior
position. He tries to complicate matters.} (20... Bxf3 21. Bxf3 Rac8 {would
have been better although here White has a clear edge.} 22. e3 $1 $14) 21. Qxf6
Rxf6 22. Nd4 $1 {The e4-pawn is falling and so is the one on c6. Black has to
play sharply to keep things together.} f3 (22... exd3 23. exd3 Rc8 24. Rfe1 $1
$16) 23. exf3 exf3 24. Bh1 {The bishop on h1 is not going to be trapped
forever. So next up is h3 and the f3-pawn will start to become pretty weak and
as we shall see it will most probably fall.} Rc8 25. Rfe1 h6 {Black takes care
of his back rank and threatens ...c5.} (25... c5 $2 26. Rxc5 $18) 26. b4 $1 {
...c5 is not possible and the knight on d4 sits like a boss.} Na4 27. Re3 Rcf8
28. h3 Bxh3 29. Rxf3 Bd7 30. Bg2 g5 31. Rxf6 Rxf6 {Material is equal but White
is clearly better. Let us try to understand why:  1. The knight on d4 is
excellently posted. In fact Grischuk improves it further with the Nf3-e5
manoeuvre. The knight on e5 is extremely strong hitting the weak c6-pawn.  2.
The bishop on d7 is highly passive and stuck to the task of defending the
sickly looking c6-pawn.  3. The knight on a4 doesn't really have a good square
where it can go to. All these things put together constitute White's clear
edge.} 32. Nf3 $1 {[%cal Gf3e5]} Kg7 33. Ne5 Be8 34. Bh3 h5 35. d4 Nb6 36. Rc3
(36. Rc5 {would have been even stronger as now ...Nc4 is not possible.} Nc4 37.
Nxc4 dxc4 38. Rxg5+ $16) 36... Nc4 $5 {Vishy understands that the knight on e5
cannot be tolerated for long and gets rid of it even at the cost of a pawn.}
37. Nxc4 dxc4 38. Rxc4 Rd6 39. a3 Bf7 40. Rc5 Rxd4 (40... Kf6 41. Bg2 Rxd4 42.
Rxc6+ Be6 $16 {would have made White's task a little more difficult than in
the game.}) 41. Rxg5+ Kf6 42. Rf5+ Kg6 43. Rc5 Rd1+ 44. Kh2 Bd5 45. Bg2 Rd2 46.
Bxd5 cxd5 47. Kg2 {What would be the precise evaluation of this endgame? Is
White winning or Black has decent drawing chances? Let's have a look.} Kf5 {
This move looks completely natural trying to use the king to shepherd home the
d5-pawn.} 48. Ra5 {White meanwhile tries to win the a7-pawn.} (48. Kf3 {
was not yet possible due to} Rd3+ {[%cal Gd3a3]}) 48... Ke4 {Vishy activates
his king and puts all his money on the d4-pawn.} 49. Rxa7 d4 {Of course
White's queenside pawns are extremely threatening, but we cannot discount the
d4-pawn which is just three steps away from queening. White's basic aim should
be to give up both his queenside pawn in order to win the d-pawn. Later the
h-pawn will fall giving White connected passers on the kingside.} 50. b5 (50.
Re7+ $5 Kd5 (50... Kd3 51. b5 Rb2 52. a4 Kc4 53. Rc7+ Kb4 54. b6 Kxa4 55. b7 d3
56. Rd7 d2 57. Rxd2 $18) 51. Kf3 Kc4 52. Rc7+ Kd3 (52... Kb3 53. b5 Kxa3 54. b6
Rb2 55. b7 Rb6 56. Ke4 $18) 53. b5 Ra2 (53... Rb2 54. a4 Kd2 55. Rc5 d3 56. a5
Kd1 57. a6 d2 58. a7 Ra2 59. b6 $18) 54. b6 $1 (54. Ra7 Rb2 55. a4 Kd2 $132)
54... Rxa3 55. Rc8 Rb3 56. Rb8 Kd2+ 57. Kg2 d3 58. b7 Kd1 59. Rd8 Rxb7 60.
Rxd3+ Ke2 61. Re3+ Kd2 62. Re5 $18) 50... Rb2 51. a4 $2 {A pretty bad mistake
by Grischuk which gives Anand excellent drawing chances.} (51. Re7+ $1 {
was a very important check forcing the king on to the d-file.} Kd5 (51... Kd3 {
would be too slow as after} 52. a4 Kc3 (52... Rb4 53. f4 $1 Rxa4 54. b6 Rb4 55.
b7 Kc3 56. Rc7+ Kb3 57. f5 d3 58. f6 d2 59. Rd7 Kc2 60. Rxd2+ Kxd2 61. f7 $18)
53. Rc7+ Kb4 54. b6 Kxa4 55. b7 d3 56. Rd7 $18 {White simply wins.}) 52. Rb7 $1
d3 (52... Ra2 53. Rd7+ $1 Kc5 54. b6 Kxb6 55. Rxd4 $18) 53. b6 d2 54. Rd7+ Kc6
55. Rd8 $1 Kxb6 56. Kf3 $18 {White will win the d2-pawn and later the one on
h5 and will finish off the game.}) 51... Kd3 $2 {An extremely bad move which
throws away the chance given to Anand. He shouldn't have brought the king in
front of the d-pawn. Instead he should have pushed his pawn to d3. After ...
Kd3 the position is just lost because the d-pawn is too slow,} (51... d3 $1 52.
Rb7 Kd4 $1 {The most accurate move to secure the half point.} (52... d2 $2 53.
Rd7 $1 $18 {The king on e4 is cut off from the game.}) (52... Rb4 $5 53. b6
Rxa4 54. Rb8 Rb4 55. b7 d2 56. Rd8 Rxb7 57. Rxd2 Rb1 {Here Black has some
chances to hold because his king is well placed on e4 and can get back to g6
in order to defend the h5 pawn.}) 53. a5 (53. b6 d2 $1 (53... Kc5 $2 54. Rd7 $1
$18) 54. Rd7+ Kc3 55. a5 (55. b7 Rxb7 $19) 55... Kc2 {White doesn't really
have a good move.} 56. Kh3 (56. Kf3 d1=Q+ 57. Rxd1 Kxd1 58. Ke4 Rb5 59. f4 Rxa5
60. f5 Rb5 61. f6 Rxb6 62. Kf5 Ke2 63. Kg5 Kf3 64. f7 Rb8 65. Kxh5 Kxg3 $11)
56... d1=Q 57. Rxd1 Kxd1 58. Kh4 Ke2 59. f4 Kf3 60. Kxh5 Kxg3 61. f5 Rb5 62.
Kg6 Rxa5 63. f6 Rb5 64. f7 Rxb6+ $11) 53... d2 54. Rd7+ Kc3 55. b6 Kc2 $11 {
As we have seen White is lost for a move and the game ends in a draw.}) 52. Rb7
$1 Ra2 53. b6 Rxa4 54. Rb8 {Anand threw in the towel. A very nice game by
Grischuk who started with the non-theoretical 1.c4 2.d3 and later played a
nearly flawless middlegame.} (54. Rb8 Rb4 55. b7 Kd2 56. Kh3 d3 57. f4 Kd1 58.
Rd8 Rxb7 59. Rxd3+ {followed by Kh4 and Rd5 picking up the h5-pawn.}) 1-0